| 000 | 00636nam a22001577a 4500 | ||
|---|---|---|---|
| 003 | ASAB | ||
| 005 | 20180827062828.0 | ||
| 008 | 180508t xxu||||| |||| 00| 0 eng d | ||
| 040 | _cASAB | ||
| 100 |
_aMuhammad Sohail Afzal-Sup-Dr. Ishtiaq Qadri _93782 |
||
| 245 |
_aTH-MS-Analysis of Interleukin-10 (IL - 10) Polymorphsim and Its Association With Hepatitis C Virus Infection; Mycobacterium tuberculosis Infection and CAD Susceptibility in Pakistan _cMuhammad Sohail Afzal-Sup-Dr. Ishtiaq Qadri |
||
| 260 |
_aIslamabad _bASAB (NCVI) _c2010 |
||
| 300 |
_axvi,118 P _b30 cm |
||
| 630 |
_aVirology and Immunology _93783 |
||
| 942 |
_2ddc _cTH |
||
| 999 |
_c480791 _d480791 |
||